000
00262nam a22001097a 4500
008
170120b xxu||||| |||| 00| 0 eng d
020
_a
9780815198499
041
_a
eng
080
_a
618.2
245
_a
LEADING AND MANAGING IN NURSING
_c
GUIDO, G.W
942
_2
udc
_c
BK
999
_c
3268
_d
3268